1352 1273 1793 1938 1408 1063 1360 1933 1457 1161 1142 1492 1078 1255 1652 1728 1840 1580 1952 1198 1914 1248 1762 1691 1729 1856 1257 1592 1686 1219 1177 1342 1948 1649 1439 1260 1108 1627 1689 1088 1169 1288 1292 1762 1728 1316 1927 1923 1579 1775 1417 1370 1543 1396 1315 1650 1429 1912 1819 1699 1653 1451 1672 1455 1945 1268 1265 1888 1637 1040 1768 1436 1628 1917 1020 1993 1630 1253 1817 1553 1939 1122 1461 1011 1293 1049 1742 1258 1834 1815 1791 1527 1250 1722 1489 1828 1096 1632 1961 BCNSPRNW ULIB Ver.6.0+V

เปลี่ยนเป็นภาษาไทย

Change to English
 แสดงรายละเอียดบรรณานุกรม
  กลับหน้าหลัก

Brief Record : Get Marc (ISO 2709) : E-mail record : QR code < ปิดหน้าต่าง
LEADER : 00000nam 2200000uu 4500
001    13399121459
003     ULIB
008    110608s2546 th 000 1 tha d
020    ^a9789749171653
050  4 ^aรส^bม686ร 2546
245 00 ^aบทละครคัดสรร /^cมูลนิธิสถาบันวิชาการ 14 ตุลา
250    ^aพิมพ์ครั้งที่ 1
260    ^aกรุงเทพฯ :^bมูลนิธิสถาบันวิชาการ 14 ตุลา,^c2546
300    ^a182 หน้า ;^c21 ซม.
490 0  ^aหนังสือชุด''ตุลาวรรณกรรม''
500    ^aฉลองครบรอบ 30 ปี 14 ตุลา : 2516-2546 ร่วมวาระประวัติศาสตร์''''วัน 14 ตุลา ประชาธิปไตย''''
650  4 ^aบทละคร
650  4 ^aบทละคร^xรวมเรื่อง
650  4 ^aบทละครไทย^xรวมเรื่อง
710 2  ^aมูลนิธิสถาบันวิชาการ 14 ตุลา
945    ^p0^l0^i14348
995    ^aกัณชพร
999    ^aกัณชพร
รายการนี้ยังไม่มีแท็ก
คุณยังไม่ได้ล็อกอิน คุณสามารถมีกิจกรรมร่วมกับเว็บไซต์ได้ แต่ต้องล็อกอินก่อน ::
  ล็อกอิน

รายการสื่อสารสนเทศ

ลำดับที่ ประเภท เลขเรียก/บาร์โค้ด สถานที่ สถานะ
1. นวนิยาย
นวนิยาย
รส ม686ร 2546  
  Barcode: 14348
ห้องสมุดวิทยาเขตสวรรค์ประชารักษ์
►นวนิยาย
บนชั้น
  ขอยืม

BibComment


ยังไม่เคยถูกคอมเมนท์

คอมเมนท์ทรัพยากรรายการนี้
  คอมเมนท์: บทละครคัดสรร มู..


 Copyright 2026. Bcnsprnw @Library